| 000 | 00000nam##2200000za#4500 |
| 001 | 9.572632 |
| 003 | CaOODSP |
| 005 | 20210624183318 |
| 007 | cr ||||||||||| |
| 008 | 150406|2007||||xxc|||||o f|0| 0 eng|d |
| 022 | |a1701-1280 |
| 040 | |aCaOODSP|beng |
| 043 | |an-cn--- |
| 086 | 1 |aFs70-4/2007-005E-PDF |
| 110 | 1 |aCanada. |bDepartment of Fisheries and Oceans. |
| 245 | 10|aProceedings of the workshop on the St. Lawrence Estuary beluga - review of carcass program : |h[electronic resource]|bNovember 14 – 17, 2005, Mont-Joli / |c[by] Lena Measures. |
| 260 | |aMont-Joli - Quebec : |bFisheries and Oceans Canada |cMay 2007. |
| 300 | |a99p.|breferences, tables |
| 490 | 1 |aCanadian Science Advisory Secretariat proceedings series|x1701-1280|v2007/005 |
| 504 | |aBibliography. |
| 546 | |aChiefly English, with bilingual summary. |
| 590 | |a11-31-Supp|b2011-12-13 |
| 720 | 1 |aMeasures, Lena |
| 775 | 08|tCompte rendu de l'atelier sur le béluga de l'estuaire du Saint-Laurent – revue du programme des carcasses |w(CaOODSP)9.602975 |
| 830 | #0|aProceedings series (Canadian Science Advisory Secretariat)|x1701-1280|v2007/005|w(CaOODSP)9.506483 |
| 856 | 40|ahttp://publications.gc.ca|qPDF|s567 KB|uhttps://publications.gc.ca/collections/collection_2011/mpo-dfo/Fs70-4-2007-005-eng.pdf|y2007/005 |